Geography of Asia - Statistics

General Stats
  • This quiz has been taken 90 times
    21 since last reset
  • The average score is 60 of 70
Answer Stats
Question Answer % Correct
What is the name of the peninsula on which most of Turkey is situated? Anatolia
100%
What was the former name of the capital city of Kazakhstan Nur-Sultan? Astana
100%
Which lake in Asia is the deepest lake in the world? Baikal lake
100%
On which island is the country of Brunei located? Borneo
100%
Mountain Everest is located on the border between which two countries? China and Nepal
100%
What animal is depicted on the flag of Bhutan? Dragon
100%
Which is the most sacred river to Hindu people? Ganges
100%
Which desert is located between Mongolia and China? Gobi
100%
What sea does not exist? Green Sea
100%
What is the main city in Tibet? Lhasa
100%
Which Indian city was formerly known as Bombay? Mumbai
100%
Famous as excellent mountain climbers most Sherpa people live in the eastern regions of which country? Nepal
100%
Whose former colony is Macau? Portuguese
100%
Bahrain is connected by bridge to which country? Saudi Arabia
100%
What is the only bordering country with Qatar? Saudi Arabia
100%
Due to the lack of formal recognition Chinese Taipei is the other name for which country? Taiwan
100%
Phuket is the largest island and the major tourst center in which country? Thailand
100%
Which country was formerly known as East Pakistan? Bangladesh
91%
What is the name of the strait between Asia and North America? Bering strait
91%
Which sea borders the country of Georgia? Black Sea
91%
Whose former colony is Hong Kong? British
91%
Which Asian country is also known as Kampuchea? Cambodia
91%
Which country controlled Cambodia from 1867 until 1953? France
91%
Two territories are commonly referred to as Palestine today. Which one is not one of them? Golan Heights
91%
What is China's largest island? Hainan
91%
What is the most spoken first language in India? Hindi
91%
Where is Krakatoa volcano that erupted in 1883 located? Indonesia
91%
Not counting Russia, which of the countries of the former USSR is the largest by area? Kazakhstan
91%
Which country is not located in the Bay of Bengal? Laos
91%
Which Asian country is composed of 26 atoll islands? Maldives
91%
What is the informal name of the northeasternmost part of China? Manchuria
91%
From which country Bangladesh gained its independence in 1971? Pakistan
91%
In which body of water is Bahrain located? Persian Gulf
91%
Quezon city is the most populous city of which country? Philippines
91%
Although Jerusalem is designated as the capital, what is the administrative center of Palestine? Ramallah
91%
What sea connects the Black Sea to the Aegean Sea? Sea of Marmara
91%
What is the only country that recognizes Northern Cyprus as independent? Turkey
91%
From which country Malaysia gained its independence in 1957? United Kingdom
91%
Akrotiri and Dhekelia in Cyprus are sovereign base areas of which country? United Kingdom
91%
From which European country Bahrain gained its independence in 1971? United Kingdom
91%
What is the longest river of Asia? Yangtze
91%
Kashmir is a disputed territory, now administered by three countries. Which one is not one of them? Afghanistan
82%
What river makes most of the Chinese border with Russia? Amur
82%
Which lake began shrinking in the 1960s and had largely dried up by the 2010s? Aral Sea
82%
Which tall mountain in is a national symbol of Armenia? Ararat
82%
On which sea is the capital of Azerbaijan located? Caspian Sea
82%
What are official languages of Cyprus? Greek and Turkish
82%
What is official language in Israel? Hebrew
82%
On which island is Tokyo located? Honshu
82%
Supervolcano Lake Toba erupted 74,000 years ago, nearly causing humans to become extinct. Where is it located? Indonesia
82%
Which Asian country has the Star of David on its flag? Israel
82%
The Dead sea is located on the border of which two countries? Israel and Jordan
82%
On which island is Jakarta, the capital of Indonesia, located? Java
82%
What is the second-largest ethnic group in Turkey? Kurds
82%
What former Portuguese colony was returned to China in 1999? Macau
82%
What is official language in Iran? Persian
82%
What symbols does China have on its flag? Stars
82%
What is the name of strait between Iran and Oman? Strait of Hormuz
82%
How many emirates do United Arab Emirates consist of? 7
73%
Which country is not located on Indochinese Peninsula? Bhutan
73%
On which Island is the eastern part of Malaysia situated? Borneo
73%
Much of Bangladesh lies on the delta of which river? Ganges
73%
Which city is legally the capital of Israel, although many other countries don't recognize it? Jerusalem
73%
Which country colonized Indonesia? Netherlands
73%
Which island nation became independent from Malaysia in 1965? Singapore
73%
What sea is located between North Korea and China? Yellow Sea
73%
Which African island was once the capital of Oman and the residence of the Omani monarchs? Zanzibar
73%
South Ossetia is a de facto independent state claimed in whole by which country? Georgia
45%
Autonomous Republic of Abkhazia is claimed in whole by which country? Georgia
45%
Which country has the largest Muslim population in the world? Pakistan
0%
No matching quizzes found
Score Distribution
Percent of People with Each Score
Percentile by Number Answered
Your Score History
You have not taken this quiz since the last reset